| 000 | 00636nam a2200217 a 4500 | ||
|---|---|---|---|
| 999 |
_c3373 _d3373 |
||
| 001 | 3373 | ||
| 003 | BD-JhCC | ||
| 005 | 20171113112752.0 | ||
| 008 | 171113s1976 bg |||| ||a| 000 0 ben d | ||
| 035 | _a(BD-JhCC)3373 | ||
| 040 |
_aBD-JhCC _dBD-JhCC |
||
| 041 | _aben | ||
| 082 |
_a822.33 _bKAM 1976 |
||
| 100 | _aকামু, আলবার্তো | ||
| 245 |
_aক্যালিগুলা / _cআলবার্তো কামু, |
||
| 260 |
_aঢাকা : _bমুক্তধারা প্রকাশনী, _c1976 |
||
| 300 |
_a103 p. : _c20 cm. |
||
| 650 | _aEnglish Drama | ||
| 942 |
_2ddc _cBK |
||